LIBRARY & INFORMATION CENTRE, KCAET, TAVANUR

ONLINE PUBLIC ACCESS CATALOGUE (OPAC)

Verukkappettaval (Record no. 169)

MARC details
000 -LEADER
fixed length control field 00387cam a2200181ua 4500
041 ## - LANGUAGE CODE
Language code of text/sound track or separate title mal
082 ## - DEWEY DECIMAL CLASSIFICATION NUMBER
Classification number 894.812301
Item number BAL/VE
100 ## - MAIN ENTRY--AUTHOR NAME
Personal name Balzac, .
245 ## - TITLE STATEMENT
Title Verukkappettaval
260 ## - PUBLICATION, DISTRIBUTION, ETC. (IMPRINT)
Place of publication Qulion :
Name of publisher M.S. book Dept ,
Year of publication 1960.
300 ## - PHYSICAL DESCRIPTION
Number of Pages 52 ; .
650 ## - SUBJECT ADDED ENTRY--TOPICAL TERM
Topical Term Story
942 ## - ADDED ENTRY ELEMENTS (KOHA)
Koha item type Books
Holdings
Withdrawn status Lost status Damaged status Home library Current library Date acquired Full call number Accession Number Koha item type
Withdrawn     KAUAET Sanskrit University 07/04/2012 894.812301 1180 Books
free website counter